Kratts' creatures: (Record no. 8395)

MARC details
000 -LEADER
fixed length control field 01046nam a22003017a 4500
001 - CONTROL NUMBER
control field 8395
003 - CONTROL NUMBER IDENTIFIER
control field FISKH
005 - DATE AND TIME OF LATEST TRANSACTION
control field 20250910142157.0
008 - FIXED-LENGTH DATA ELEMENTS--GENERAL INFORMATION
fixed length control field 250910b cb ||||| |||| 00| 0 eng d
020 ## - INTERNATIONAL STANDARD BOOK NUMBER
International Standard Book Number 0590537393
040 ## - CATALOGING SOURCE
Original cataloging agency FISKH
Language of cataloging eng
Transcribing agency FISKH
Modifying agency FISKH
050 ## - LIBRARY OF CONGRESS CALL NUMBER
Classification number QL737.M33 P74
082 ## - DEWEY DECIMAL CLASSIFICATION NUMBER
Classification number 599.27
100 ## - MAIN ENTRY--PERSONAL NAME
Personal name Preller, James
245 ## - TITLE STATEMENT
Title Kratts' creatures:
Remainder of title In search of the real Tasmanian Devil /
Statement of responsibility, etc. by James Preller
250 ## - EDITION STATEMENT
Edition statement First Scholastic printing , October 1996
260 ## - PUBLICATION, DISTRIBUTION, ETC.
Place of publication, distribution, etc. New York :
Name of publisher, distributor, etc. Scholastic ,
Date of publication, distribution, etc. 1996.
300 ## - PHYSICAL DESCRIPTION
Extent 32 pages :
Other physical details color illustrations ;
Dimensions 20 cm .
490 ## - SERIES STATEMENT
Series statement Kratts Creatures
505 ## - FORMATTED CONTENTS NOTE
Formatted contents note R <br/>
520 ## - SUMMARY, ETC.
Summary, etc. Martin and Chris Kratt search for the elusive Tasmanian devil; includes a description of the animal, its habits and behavior, and an overview of other animals in the area.
521 8# - TARGET AUDIENCE NOTE
Target audience note 740 <br/>
Source Lexile estimate <br/>
521 8# - TARGET AUDIENCE NOTE
Target audience note R <br/>
Source Raz-Plus <br/>
650 ## - SUBJECT ADDED ENTRY--TOPICAL TERM
Topical term or geographic name entry element Tasmanian devils
Form subdivision Non-fiction
650 ## - SUBJECT ADDED ENTRY--TOPICAL TERM
Topical term or geographic name entry element Kratts' Creatures
Form subdivision Non-fiction
942 ## - ADDED ENTRY ELEMENTS (KOHA)
Source of classification or shelving scheme Dewey Decimal Classification
Koha item type Books
Suppress in OPAC No
Holdings
Withdrawn status Lost status Source of classification or shelving scheme Damaged status Not for loan Collection Home library Current library Shelving location Date acquired Total Checkouts Full call number Barcode Date last seen Price effective from Koha item type
    Dewey Decimal Classification     Non-Fiction Footprints International School Library Network Toul Tom Poung Campus Footprints International School Library Network Toul Tom Poung Campus TTP Primary Orange Bookshelves 09/10/2025   PRE 599.27 QL737.M33 P74 FIS00515 09/10/2025 09/10/2025 Books